Hướng dẫn thực hiện chuẩn kiến thức, kĩ năng môn hóa học lớp 11

Đã lưu trong:
Bibliografiske detaljer
Hovedforfatter: Vũ, Anh Tuấn
Format: Bog
Sprog:Undetermined
Udgivet: Hà Nội Giáo dục Việt Nam 2010
Fag:
Tags: Tilføj Tag
Ingen Tags, Vær først til at tagge denne postø!
Thư viện lưu trữ: Trung tâm Học liệu Trường Đại học Cần Thơ
LEADER 00688nam a2200205Ia 4500
001 CTU_185071
008 210402s9999 xx 000 0 und d
020 |c 14400 
082 |a 540.712 
082 |b T502 
100 |a Vũ, Anh Tuấn 
245 0 |a Hướng dẫn thực hiện chuẩn kiến thức, kĩ năng môn hóa học lớp 11 
245 0 |c Vũ Anh Tuấn chủ biên 
260 |a Hà Nội 
260 |b Giáo dục Việt Nam 
260 |c 2010 
650 |a Chemistry,Hóa học 
650 |x Study and teaching (Secondary),Dạy và học (trung học) 
904 |i Hải 
980 |a Trung tâm Học liệu Trường Đại học Cần Thơ